Fight of way (Record no. 80435)

MARC details
000 -LEADER
fixed length control field 00890cab a22001935a 4500
001 - CONTROL NUMBER
control field L144346
008 - FIXED-LENGTH DATA ELEMENTS--GENERAL INFORMATION
fixed length control field 080714e20080613xxk f v 000 0 eng d
035 ## - SYSTEM CONTROL NUMBER
System control number (Sirsi) u144346
041 0# - LANGUAGE CODE
Language code of text/sound track or separate title eng
100 1# - MAIN ENTRY--PERSONAL NAME
Personal name Ross, Jonathan
245 00 - TITLE STATEMENT
Title Fight of way
Remainder of title case news
260 ## - PUBLICATION, DISTRIBUTION, ETC.
Date of publication, distribution, etc. 2008
490 #0 - SERIES STATEMENT
Series statement Property Week
Volume/sequential designation 73(24) 13 June 2008, 86(1)
520 ## - SUMMARY, ETC.
Summary, etc. Discusses the case of Brooks and another v Young and another [2008] CA (Civ Div). The Court of Appeal had to decide whether or not the terms granted in a right of way to a householder should be interpreted in such a way as to limit its use and prevent the neighbouring householder from being disturbed. The appeal was allowed because the court of first instance had interpreted the right of way in an overly restrictive way.
590 ## - LOCAL NOTE (RLIN)
Local note KA
651 #4 - SUBJECT ADDED ENTRY--GEOGRAPHIC NAME
Geographic name England and Wales
Chronological subdivision 1543-
690 ## - LOCAL SUBJECT ADDED ENTRY--TOPICAL TERM (OCLC, RLIN)
Topical term or geographic name as entry element Boundary disputes
9 (RLIN) 6221
942 ## - ADDED ENTRY ELEMENTS (KOHA)
Suppress in OPAC 0
Holdings
Withdrawn status Lost status Source of classification or shelving scheme Damaged status Not for loan Home library Current library Shelving location Date acquired Total Checkouts Full call number Barcode Date last seen Copy number Price effective from Koha item type
    Dewey Decimal Classification     London London Journal article 14/07/2008   L144346 144346-1001 06/08/2019 1 06/08/2019 Journal article